| 000 | 00809nam a22002537a 4500 | ||
|---|---|---|---|
| 003 | 0 | ||
| 005 | 20180703144443.0 | ||
| 008 | 0 | ||
| 010 | _aA-782275 | ||
| 020 |
_c00.00 _a9768052538 |
||
| 035 | _aA-782275, A-782281 | ||
| 037 | _bCen Lib/Ret | ||
| 040 |
_aDPL _bEN _c0 |
||
| 082 |
_a796.358092 _bNAR |
||
| 100 |
_aNarinesingh, Clifford _924408 |
||
| 245 |
_aGavaskar : _cby Clifford Narinesingh _bportrait of a hero / |
||
| 260 |
_aWest Indies _bRoyards Publishing Company _c1995 |
||
| 270 | _aUnion Village, Claxton Bay Trinidad | ||
| 300 |
_axii,222p. : _c22cm(Hb) _bcol. ill. |
||
| 500 | _aIncludes bibliographical references and index | ||
| 650 |
_aCricket players -- India -- Biography _924409 |
||
| 650 |
_aCricket players _924410 |
||
| 942 |
_2ddc _cEN _h796.358092 _mNAR |
||
| 999 |
_c128775 _d128775 |
||